| 000 | 006640000a22001930004500 | ||
|---|---|---|---|
| 003 | LK-CoMWRAF | ||
| 008 | 230817t1991 ||||| |||| 00| 0 eng d | ||
| 020 | _a0195631390 | ||
| 040 |
_aLK-CoMWRAF _dLK-CoMWRAF _eLK-CoMWRAF |
||
| 041 | _aeng | ||
| 082 |
_a305.4 _bBRI |
||
| 111 |
_aTHIRD ANNUAL SOUTH ASIA CONFERENCE ON BRIDGING WORLDS: WOMEN IN SOUTH ASIA _c(University of California, Berkeley, _dJan. 1988) |
||
| 245 |
_aBridging world: _bstudies on women in South Asia |
||
| 260 |
_aBerkeley: _bOxford, _c1991 |
||
| 300 | _avi, 264 p. ; 23 cm. | ||
| 650 | _aWOMEN--South Asia--Social conditions--Congresses. | ||
| 700 |
_aSutherland, Sally J. _eed. |
||
| 942 | _cCP | ||
| 999 |
_c1781 _d1781 |
||